• 首页
  • 本馆介绍
  • 公告通知
  • 最新文献
  • 馆藏检索
  • 电子资源
  • 读者导购
  • 参考咨询
  • 我的图书馆
  • 登录
  • 详细信息显示
  • 放入我的书架
  • 预约/预借图书
  • 作者相关作品
  • 分类相关作品
  • 丛书相关作品
  • 出版社相关作品

书目信息

  • 表格格式
  • 工作单格式
  • 卡片格式
题名:
游遍新疆
    
 
作者: 毕亚丁 编著
分册:  
出版信息: 乌鲁木齐   新疆人民出版社  2004
页数: 383页
开本: 21cm
丛书名: 魅力新疆·旅游丛书
单 册:
中图分类: K928.945
科图分类:
主题词: 导游--新疆维吾尔自治区 , 导游
电子资源:
ISBN: 7-228-08842-5
000 00911oam2 2200277 450
001 002741235
005 20070807160748.21
010    @a7-228-08842-5@dCNY38.00
035    @a002741235
100    @a20041010d2004 em y0chiy0110 ea
101 0  @achi
102    @aCN@b650000
105    @aak z 000yy
106    @ar
200 1  @a游遍新疆@Ayou bian xin jiang@f毕亚丁等编著@Fbi ya ding deng bian zhu
210    @a乌鲁木齐@c新疆人民出版社@d2004
215    @a383页@c照片@d21cm
225 2  @a魅力新疆·旅游丛书@Amei li xin jiang· lu^ you cong shu
330    @a本书是图文并茂的新疆旅游指南,介绍了新疆的地理、地貌、自然资源、历史、风俗、特产,并提供景区、景点的旅游线路等。
461  0 @1001002750832@12001 @a魅力新疆·旅游丛书
606 0  @a导游@y新疆维吾尔自治区
606 0  @a导游
690    @aK928.945@v4
701  0 @a毕亚丁@Abi ya ding@4编著
801  0 @aCN@bNLC@c20070807
905    @dK928.945@e498@f1
    
    游遍新疆/毕亚丁等编著.-乌鲁木齐:新疆人民出版社,2004
    383页:照片;21cm.-(魅力新疆·旅游丛书)
    
    
    ISBN 7-228-08842-5:CNY38.00
    本书是图文并茂的新疆旅游指南,介绍了新疆的地理、地貌、自然资源、历史、风俗、特产,并提供景区、景点的旅游线路等。
●
相关链接 在E读中查询图书 在五车中查询图书 在当当中查询图书 在豆瓣中查询图书


正题名:游遍新疆     索取号:K928.945/498         预约/预借

序号 登录号 条形码 馆藏地/架位号 状态 备注
1 0853167   208531677   第二样本阅览室/ [索取号:K928.945/498] 在馆    
唐山师范学院图书馆 欢迎您!
大连网信软件有限公司© 版权所有